| 000 | 01524cam a2200397 a 4500 | ||
|---|---|---|---|
| 999 |
_c28938 _d28909 |
||
| 001 | 14648575 | ||
| 003 | EG-ScBUE | ||
| 005 | 20201015115731.0 | ||
| 008 | 061128t2007 njua f b 001 0 eng d | ||
| 020 | _a9780132198578 (pbk. : alk. paper) | ||
| 020 | _a0132198576 (pbk. : alk. paper) | ||
| 035 | _a(OCoLC)ocm76864227 | ||
| 035 | _a(OCoLC)76864227 | ||
| 040 |
_aDLC _beng _erda _cDLC _dBAKER _dBTCTA _dC#P _dYDXCP _dVP@ _dDLC _dEG-ScBUE |
||
| 041 | 0 |
_aeng _beng |
|
| 082 | 0 | 4 |
_a005.432 _bFUS _222 |
| 100 | 1 |
_aFusco, John _q(John A.) _eauthor. |
|
| 245 | 1 | 4 |
_aThe Linux programmer's toolbox / _cJohn Fusco. |
| 264 | 1 |
_aUpper Saddle River, NJ : _bPearson Education, Inc., _c[2007] |
|
| 264 | 4 | _cc2007 | |
| 300 |
_axxv, 622 pages : _billustrations ; _c24 cm. |
||
| 336 |
_2rdacontent _atext _btxt |
||
| 337 |
_2rdamedia _aunmediated _bn |
||
| 338 |
_2rdacarrier _avolume _bnc |
||
| 490 | 0 | _aPrentice Hall open source software development series | |
| 504 | _aIncludes bibliographical references and index. | ||
| 546 | _aIn English; summary in English. | ||
| 630 | 0 | 7 |
_aLinux. _2BUEsh |
| 650 | 7 |
_aOperating systems (Computers) _2BUEsh |
|
| 653 |
_bMASIICCSS _cOctober2020 |
||
| 655 |
_vReading book _934232 |
||
| 856 | 4 | 1 |
_3Table of contents only _uhttp://www.loc.gov/catdir/toc/ecip075/2006039343.html |
| 906 |
_a7 _bcbc _corignew _d1 _eecip _f20 _gy-gencatlg |
||
| 942 |
_2ddc _cBB |
||